Villes françaises de A à Z - Statistiques

Statistiques générales
  • Ce quiz a été pris 85 fois
  • Le résultat moyen est 10 sur 25
Statistiques - réponses
Hint Lettre Réponse % Correct
Cité fortifiée célèbre pour son sel G Guérande
73%
Célèbre pour mes tapisseries B Bayeux
71%
Ville de la section Paloise P Pau
70%
La ville d'arrivée de "l'enfer du Nord" R Roubaix
68%
Lieu de départ des fusées Ariane K Kourou
67%
Célèbre pour ma presque île Q Quiberon
62%
J'ai décidé du sort de l'Algérie E Évian-les-Bains
58%
Ancienne capitale française V Vichy
58%
J'abrite un théâtre antique dont le mur de scène est unique au monde O Orange
56%
Contient la plus grande cathédrale en brique du monde A Albi
41%
Deuxième ville du 37 J Joué-lès-Tours
40%
J'abrite l'une des bases aéronautiques les plus importantes de France I Istres
38%
Port essentiel de l'opération Overlord C Cherbourg-en-Cotentin
30%
Cité balnéaire prisée par la reine Victoria H Hyères
30%
J'accueille le festival international de cerfs-volants D Dieppe
29%
Départ du Vendée Globe L Les Sables d'Olonnes
29%
J'ai abrité le premier train français S Saint-Étienne
23%
Sous préfecture située dans le Velay Y Yssingeaux
23%
Célèbre pour mes faïences bleues N Nevers
22%
Ville de Loraine fortifiée par Vauban T Toul
22%
J'accueille la fête des Berlouffes où on jette des poupées du haut du clocher W Wattrelos
16%
J'accueille chaque année le festival Garorock M Marmande
11%
Village au pied de la Rhune, je possède le château d'Urtubie U Urrugne
11%
J'abrite un célèbre château aux tours : carrée, ronde et pointue F Foix
8%
Ville incontournable du GR20 Z Zicavo
4%
Aucun quiz correspondant
Distribution des résultats
% des personnes avec chaque résultat
Percentile par nombre de réponses
Votre historique - résultats
Vous n’avez pas pris ce quiz